Topics in numerical analysis proceedings of the royal irish academy conference on numerical analysis, 1972
Gespeichert in:
| Weitere Verfasser: | |
|---|---|
| Format: | Buch |
| Sprache: | Englisch |
| Veröffentlicht: |
New York
Academic Press
1973
|
| Tags: |
Keine Tags, Fügen Sie das erste Tag hinzu!
|
MARC
| LEADER | 00000nam a2200000 4500 | ||
|---|---|---|---|
| 001 | c134424 | ||
| 005 | 20230316131831.6 | ||
| 041 | 0 | |a eng | |
| 044 | |a US | ||
| 245 | 1 | 0 | |a Topics in numerical analysis |b proceedings of the royal irish academy conference on numerical analysis, 1972 |c Edited by John J.H. Miller |
| 264 | 1 | |a New York |b Academic Press |c 1973 | |
| 300 | |a 348 s. | ||
| 700 | 1 | |a Miller, John J.H. | |